[Event "Southend Easter U1900 op 67th"]
[Site "Southend"]
[Date "2025.04.20"]
[Round "5"]
[White "Lynch, Chris"]
[Black "Miah, Javaid"]
[Result "1-0"]
[WhiteElo "1591"]
[BlackElo "1556"]
[PlyCount "77"]
[EventDate "2025.04.18"]
[EventType "swiss"]
[EventRounds "7"]
[EventCountry "ENG"]
[SourceTitle "CB18_2025"]
[SourceDate "2025.04.30"]
[SourceVersion "1"]
[SourceVersionDate "2025.04.30"]
[SourceQuality "1"]

1. d4 d5 2. c4 c6 3. Nf3 Nf6 4. Qb3 e6 5. Bg5 Nbd7 6. h3 Be7 7. e3 0-0 8. Nc3 a6 9. cxd5 exd5 10. Bd3 Qb6 11. Qc2 Re8 12. 0-0 h6 13. Bf4 Nf8 14. Rfc1 Be6 15. Na4 Qd8 16. Nc5 Qb6 17. Ne5 Rad8 18. a3 Bd6 19. b4 Bc8 20. Bf5 Bxf5 21. Qxf5 Re7 22. Bxh6 Bxe5 23. dxe5 N6d7 24. Qg5 f6 25. exf6 Nxf6 26. Bxg7 N8h7 27. Bxf6+ Nxg5 28. Bxe7 Nxh3+ 29. gxh3 Re8 30. Bf6 Qc7 31. Kh1 Qf7 32. Rg1+ Kf8 33. Bg5 Qf3+ 34. Kh2 Qf7 35. Rg2 Qh7 36. Rag1 Re5 37. Bh6+ Qxh6 38. Nd7+ Kf7 39. Nxe5+ 1-0